[Event "E Chess.com Grand Swiss"]
[Site "Riga"]
[Date "2021.11.04"]
[Round "8"]
[White "Tabatabaei, M Amin"]
[Black "Alekseenko, Kirill"]
[Result "0-1"]
[WhiteElo "2639"]
[BlackElo "2710"]
[EventDate "2021.??.??"]
[Annotator "Bojkov,Dejan"]
[PlyCount "72"]
[Beauty "7903545142858"]
[EventType "team-tourn"]
[EventCountry "LAT"]

1.d4 Nf6 2.c4 e6 3.Nf3 d5 4.g3 Bb4+ {One of the plausible ways to meet the Catalan. There is a very long list of strong GMs who have it in their repertoires.} 5.Nbd2 {This move is a favorite of Dubov. White sacrifices a pawn in return for a strong center.} 5...dxc4 6.Bg2 b5 ( {Dubov won a top-GM miniature this year after} 6...a5 7.a3 Bxd2+ 8.Bxd2 O-O 9.Qc2 b5 10.a4 c6 11.h4 Nbd7 12.h5 h6 13.g4 Nxg4 14.axb5 Bb7 15.Nh2 Nxf2 16.Kxf2 Qh4+ 17.Kf1 Qf6+ 18.Bf3 {1-0 (18) Dubov,D (2710)-Ding,L (2791) Online 2021} ) 7.a3 Be7 8.Ne5 $146 ( {Black managed to consolidate after} 8.b3 cxb3 9.Nxb3 Bb7 10.O-O O-O 11.Bd2 Nbd7 12.Qb1 Be4 13.Qb2 Nb6 {in the game Karner,C (2372)-Zelcic,R (2555) Oberwart 2011} ) 8...Nd5 9.a4 {But this might not be the most accurate.} ( {Craftier seems} 9.O-O {at once, in order to provoke} 9...Bb7 {and only then to opt for} 10.a4 {which forces Black to block his own bishop with} 10...c6 {Then White has enough for the pawn with} 11.e4 Nf6 12.Ndf3 {as} 12...Nxe4 $2 {is a bit too much and is punished instantly:} 13.Nxf7 $1 ) 9...c6 10.O-O a5 {Alekseenko keeps his king in the center for the time being.} ( {After} 10...O-O {White typically expands on the kingside with} 11.h4 ) 11.e4 ( 11.h4 $5 ) 11...Nf6 {The knight is destined to defend the kingside.} 12.Ng4 {Until traded.} 12...Nxg4 13.Qxg4 h5 {This is what Alekseenko was waiting for!} 14.Qe2 ( {Surely not} 14.Qxg7 $4 Bf6 $1 ) 14...e5 {Instead of taking a pawn, Black offers one!} ( {After} 14...Qxd4 15.e5 $1 Ba6 16.Rd1 Qd3 17.Qe1 {White gets what he wants: his knight will soon land on the d6-square.} ) 15.dxe5 {After a lengthy thought, Tabatabaei decided that he can open files like that too.} ( {To an unclear situation leads} 15.d5 h4 16.Rd1 Qc7 {when the black king feels very safe in the center.} ) 15...Na6 16.e6 {But White does not want to keep the pawn at all, he needs the open files!} ( {Stronger seemed} 16.Rd1 Qc7 17.Nf3 Nc5 18.Nd4 {moving the knight closer to the enemy king's residence.} ) 16...Bxe6 17.e5 {Still, Tabatabaei underestimated Black's next move.} 17...Nb4 $1 {A powerful exchange sacrifice!} ( {Rather than} 17...Bd5 18.Ne4 {when a check on d6 or f6 is unstoppable and highly unpleasant for Black.} ) 18.axb5 cxb5 19.Ne4 {Initiative and only initiative!} ( {Black's initiative for the exchange is so powerful, that he can even afford playing down a full exchange as in the line} 19.Bxa8 Qxa8 20.Ne4 Bh3 21.Rd1 O-O $5 22.Qxh5 Qxe4 23.Qxh3 a4 {and it is even easier to play as Black here.} ) 19...Ra6 20.Nd6+ {Once again sacrificing a pawn!} ( {Not much is yielded after} 20.Rd1 Nd3 ) 20...Bxd6 21.exd6 Nd3 $1 {The pawn on d6 will go nowhere, therefore Alekseenko uses the time to build a blockade.} ( 21...Rxd6 22.Bf4 Rd3 23.Qe5 {would have been nice for White instead.} ) 22.Bd2 h4 {Alekseenko also thinks only about the initiative.} ( {Here better seemed} 22...b4 $5 23.b3 O-O 24.Qxh5 Qxd6 25.bxc4 Qc5 $1 {keeping the situation under control.} ) 23.Bc3 hxg3 ( {Here and on the next move} 23...O-O {was safer.} ) 24.hxg3 Qxd6 ( 24...O-O $5 ) 25.Bxg7 Rg8 26.Bc3 {Now that both kings are under fire the question is who will be more creative in the attack.} 26...Kf8 {The king steps out of the pin.} ( {However, stronger seemed the centralization with} 26...b4 27.Bd2 ( {Or} 27.Bf6 Rg6 28.Bh4 Qd4 ) 27...Qc5 ) 27.Qh5 $1 {Tabatabaei does not miss the chance to activate the queen.} 27...b4 28.Bd2 Bg4 29.Qb5 Be2 30.Qxc4 $1 {It is White's turn to sacrifice the exchange! It is funny how many times the players were offering material to each other.} ( {White could have also retreated with the rook} 30.Rfb1 {But then} 30...Nxf2 {could have forced a draw in the line} ( 30...Qf6 31.Be3 {looks better for White.} ) 31.Bxb4 axb4 32.Rxa6 Nh3+ 33.Kh1 Nf2+ ) 30...Rg4 {Now Black rejects a possible draw!} ( {This would have happened after} 30...Bxf1 31.Kxf1 Nxb2 32.Qc8+ Kg7 33.Qg4+ Qg6 34.Qd4+ Qf6 35.Qg4+ {with a perpetual.} ) 31.Qc8+ Kg7 32.Be3 Qe6 ( {Also interesting would have been} 32...Ne5 33.Qf5 Bd3 34.Qh5 Bxf1 35.Kxf1 Qd3+ 36.Kg1 Qb5 37.Kh1 Rag6 {when it is anyone's game.} ) 33.Qb8 {Once again, White wants to keep the queens on the board.} ( {Whereas the endgame after} 33.Qxe6 Rxe6 34.Rfb1 Rxe3 35.fxe3 Rxg3 36.Kh2 Rxe3 37.Rxa5 {should be about equal.} ) 33...Rd6 {Now that the white queen is excluded from the defence of the kingside, the threat 34...Nd3xf2 is in the air, and Tabatabaei panicks.} ( {The correct execution was} 33...Bxf1 $1 34.Rxf1 Rd6 {with an edge for Black, but Alekseenko believes that his centralized pieces will keep his king safe enough.} ) 34.Kh2 {This makes things worse.} ( {White missed a fantastic resource to turn the tables in his favour with the sudden rook maneuver} 34.Rxa5 $3 Bxf1 ( {And if} 34...Rxg3 {Another fabulous counter-attacking idea} 35.Bd4+ $3 Rxd4 36.Qxg3+ Rg4 37.Rg5+ $1 {and White is in control.} ) 35.Rh5 $1 {And in order to stop the checkmate Black will have to part with the queen.} ) ( {Alekseenko's main attacking idea is demonstrated in the line} 34.Rfb1 Rxg3 $1 35.fxg3 Qxe3+ 36.Kh2 Rh6+ 37.Bh3 Qf2+ 38.Kh1 {And a pleasant choice between} 38...Rxh3# ( {And} 38...Bf3# ) ) 34...Bxf1 35.Rxf1 ( {Still, it was worth trying} 35.Bxf1 {Although here too, Black should win with} 35...Nxf2 $1 36.Bxf2 Qe5 $1 37.Kg2 Rh4 $3 ) 35...Qe5 36.Bf3 Nxf2 $1 {White's position collapses, Tabatabaei resigns.} ( 36...Nxf2 $1 37.Rxf2 ( 37.Bxf2 Rh6+ ) 37...Qxg3+ 38.Kh1 Qg1# ) 0-1

[Event "E Chess.com Grand Swiss"]
[Site "Riga"]
[Date "2021.11.06"]
[Round "10"]
[White "Vitiugov, Nikita"]
[Black "Oparin, Grigoriy"]
[Result "0-1"]
[WhiteElo "2734"]
[BlackElo "2659"]
[EventDate "2021.??.??"]
[Annotator "Bojkov,Dejan"]
[PlyCount "92"]
[Beauty "7218900521037"]
[EventType "team-tourn"]
[EventCountry "LAT"]

1.d4 Nf6 2.c4 e6 3.Nc3 Bb4 4.a3 Bxc3+ 5.bxc3 c5 6.f3 {Whenever the name Samisch is concerned, the white f-pawn modestly moves to the f3-square. It does, however, help White build the strongest center possible, which might translate into a decisive kingside attack. At least, this is what White is dreaming about.} 6...Nc6 {Black, on his turn, realizes that the opponent has burned some bridges and that the pawn on c4 might well be attacked with every single black piece. More or less, this pawn is doomed, dreams Black, and he has visions of a won queenside battle.} 7.e4 d6 8.Be3 b6 9.Bd3 e5 {Kasparov named this the Portish-Hubner wall, and my database indicates that 9. ...0-0 is vanishing. Rightly so, why castle into White's attack?} ( {Black can, however, prepare the opposite castling with} 9...Qc7 10.Ne2 Na5 11.O-O Ba6 12.Bg5 Nd7 13.f4 Bxc4 14.f5 e5 15.f6 g6 16.dxe5 Bxd3 17.Qxd3 dxe5 18.c4 O-O-O 19.Nc3 Kb8 {and Black won the opening battle in Boyer,M (2465)-Dubov,D (3093) Chess.com 2020} ) 10.d5 Na5 11.Ne2 Kd7 $146 {A nice novelty! The king often walks toward the queenside on its own in the Nimzo-Indian Defense, not necessarily using the castling crutch.} ( {Although in an earlier game, Black did fine after} 11...Ba6 12.Ng3 Qd7 13.Qe2 O-O-O 14.a4 ( 14.Bg5 $5 ) 14...Rdg8 15.h4 g6 16.Kd1 Nh5 17.Nf1 f5 18.Kc2 fxe4 19.fxe4 Rf8 {Ang,A (2195)-Winkelman,A (2283) Melbourne 2019} ) ( {Once again, why castle into an attack with} 11...O-O {when besides the instant g2-g4, White can prepare the kingside assault with} 12.Ng3 ( {Or with} 12.Ra2 $5 ) ) 12.O-O Kc7 13.f4 {Vitiugov hurries to open the center.} 13...Ng4 {While Oparin tries to keep everything under blockade.} 14.Bd2 exf4 15.Bxf4 f6 {White's play seems done.} 16.Nd4 $1 {Not so fast, there is this sacrifice that intends to open up the black king's guard. The price of a knight to set the center in motion and open up the bishops is totally worth it.} 16...Ne5 $1 {At least the knight got closer to the black king.} ( {After} 16...cxd4 17.cxd4 Kb7 18.h3 Nh6 19.c5 $1 {Black will be quickly dismantled.} ) 17.Nb5+ ( 17.Bxe5 dxe5 18.Nb5+ Kb7 {would have likely transposed.} ) 17...Kb7 18.Bxe5 dxe5 {In any case, Vitiugov needs to demonstrate immense creativity in order to keep his initiative looming.} 19.d6 $1 ( {After} 19.a4 a6 20.Na3 Ka7 {Black consolidates and intends to reroute the knight to the d6-square.} ) 19...Rb8 $1 ( {Pushing the knight to where it wants to go.} 19...a6 20.Nc7 {does not make sense.} ) 20.Be2 Be6 21.Nc7 Bf7 {Black is just in time.} ( {In case of} 21...Qd7 {White can search for play with} 22.Nxe6 Qxe6 23.Ra2 Rbd8 24.Rd2 ) 22.Rb1 {Almost all the white pieces are active, but is it enough?} ( {The machine suggests instead the pretty drawish line} 22.Rf3 $5 Nxc4 23.Rd3 $1 Nb2 24.Rd2 $1 Nxd1 25.Ba6+ $1 Kc6 26.Bb5+ $1 ) 22...Qd7 $1 {Oparin also brings his pieces out and wants to deal with the d6-pawn once and for all.} ( {The capture is also possible:} 22...Nxc4 23.Bxc4 Bxc4 24.Rf2 Qd7 25.Rd2 {and it would have still led to interesting compensation for the pawn.} ) 23.Bg4 Qc6 24.Be6 {White bets on the power of his passer.} ( {The other idea is} 24.Nd5 $5 {when White once again is ready to part with a pawn in return for an initiative, this time, in the endgame:} 24...Qxd6 25.Nxf6 Qxd1 26.Rbxd1 Bxc4 27.Rd7+ Ka6 28.Nd5 {Here Black can try to play for more than half a point with} 28...Rhd8 $5 ( {Or else a forced draw:} 28...Bxf1 29.Nc7+ Kb7 30.Nb5+ Ka6 31.Nc7+ ) ) 24...Bxe6 25.Nxe6 Nxc4 26.Qg4 Rhg8 27.d7 {This, however, turns out to be wrong.} ( {A better try is} 27.Rfd1 Nxd6 28.Rd5 Ka8 29.Rbd1 {when anything is possible. Despite the two-pawn deficit, White has plenty of compensation thanks to his powerful pieces.} ) 27...Ne3 28.Qh3 ( {Maybe from afar, Vitiugov thought that the underpromotion line} 28.Qxg7 $5 Rxg7 29.d8=N+ $1 {is not just beautiful but effective but then saw that in the line} 29...Rxd8 30.Nxd8+ Kc7 31.Nxc6 Nxf1 32.Rxf1 Kxc6 33.Rxf6+ Kb5 {Black gets his dream endgame (see the opening phase...)} ) 28...Nxf1 29.Rxf1 Qxe4 ( 29...Qd6 $5 {also makes a lot of sense.} ) 30.Qh5 ( {Or} 30.Rd1 Rbd8 31.Nxd8+ Rxd8 32.Qe6 Qc6 33.Qe7 Kc7 {and the d7-pawn would vanish.} ) 30...Rgd8 {This is more or less it! White will get a portion of his material back but not everything.} 31.Rd1 g6 32.Qxh7 Qe2 33.Rb1 Qc2 34.Rf1 Qd3 35.Nxd8+ Rxd8 36.Qe7 Rxd7 37.Qxf6 Qxc3 38.Qxg6 Qe3+ 39.Kh1 c4 $1 {This passer decides. The grand strategy to win the c-pawn and promote his worked for Oparin.} ( {But not the flashy} 39...Qf2 $2 40.Qe4+ $1 {when White escapes.} ) 40.Qe6 Qd3 41.Kg1 c3 42.Qxe5 c2 43.Rc1 Qd1+ 44.Kf2 ( {Or} 44.Qe1 Qxc1 45.Qxc1 Rd1+ ) 44...Qd2+ 45.Kg3 Rd3+ 46.Kh4 Qxg2 0-1

[Event "Vugar Gashimov Memorial 2021"]
[Site "Baku"]
[Date "2021.12.20"]
[Round "5.2"]
[White "Rapport, Richard"]
[Black "Mamedov, Rauf"]
[Result "1-0"]
[WhiteElo "2750"]
[BlackElo "2690"]
[EventDate "2021.??.??"]
[Annotator "Bojkov,Dejan"]
[PlyCount "81"]
[Beauty "7628688204350"]
[EventType "simul"]
[EventRounds "2"]
[EventCountry "AZE"]

1.e4 c5 2.Nf3 Nc6 3.d4 cxd4 4.Nxd4 Nf6 5.Nc3 d6 {The Classical Sicilian is a rare guest at the top level, especially once Kramnik quit playing (it).} 6.Bg5 {Rauzer's plan is the main reason why this line did not become as popular as the Najdorf.} 6...e6 7.Qd2 a6 8.O-O-O Bd7 9.Kb1 h6 {Always a double-edged decision in the Sicilian. This pawn can easily become a hook and is often the main reason why Black is reluctant to castle kingside.} 10.Be3 b5 11.Nxc6 Bxc6 12.f3 Be7 13.Ne2 Bb7 ( {In another recent GM game, White attacked strongly after} 13...e5 14.Ng3 Bd7 15.Bd3 Be6 16.f4 Qc7 17.Nf5 {Solodovnichenko,Y (2546)-Moussard,J (2635) Chalons en Champagne 2021} ) 14.Nd4 Rc8 15.g4 Nd7 16.h4 {Both sides are playing in accordance with the requirements of the position, and Rapport is not shy to sacrifice a pawn to open the h-file.} 16...d5 {In return, Mamedov tries to solve his problems once and for all with the typical central break.} ( {The main line is} 16...Ne5 17.Be2 Qc7 {when White tries to mount more pressure with} 18.g5 h5 19.Rhg1 g6 20.Bf4 O-O 21.Qe1 Rfd8 22.Bg3 Bf8 23.f4 Nc4 {as in Vignesh,N (2436)-Cordova,E (2593) Moscow 2020} ) ( {In the only game in which Black accepted the pawn sacrifice with} 16...Bxh4 {he was quickly forced to give back the material with interest:} 17.g5 hxg5 18.Bxg5 Qxg5 19.Qxg5 Bxg5 20.Rxh8+ {and White went on to convert his extra material in Vettese,N (2203)-Liang,H (2150) Toronto 2018} ) 17.Bh3 $1 {A very powerful move that prepares a typical Sicilian sacrifice.} 17...Ne5 {And as we shall witness, this is already a losing mistake.} ( {There is no other choice but} 17...dxe4 $1 {when after} 18.g5 hxg5 19.Bxe6 $1 {Black certainly cannot capture the bishop:} 19...fxe6 $2 {As his queen is getting nicely trapped in the middle after the simple recapture.} ( {However, play like} 19...Rxh4 $1 20.Rhg1 Rc5 $5 {keeps Black in the game, with an unclear position.} ) 20.Nxe6 ) 18.g5 $1 {Now this is even stronger, as} 18...hxg5 19.hxg5 Nc4 ( {If} 19...Qc7 {White can save his important dark-squared bishop with} 20.Qg2 Nc4 21.Bc1 dxe4 {while preparing the final attack against the key black pawn:} 22.g6 $1 ) 20.Qe2 Nxe3 {Apparently Mamedov only expected an automatic recapture, however...} 21.Bxe6 $3 $146 {Revealing the enormous tactical talent that Rapport has! Black's position crumbles into pieces, as the dangers suddenly start to pop from every square of the board.} ( {In an earlier game Black was also suffering after} 21.Qxe3 Bxg5 22.f4 Be7 ( {But perhaps Mamedov intended to defend with} 22...Bh4 {when White has full compensation for the pawn with either} 23.Bg4 ( {Or} 23.e5 $5 ) ) 23.Bxe6 Rxh1 24.Rxh1 fxe6 25.Rh8+ Kd7 26.Rxd8+ Bxd8 27.f5 {Klauser,M (2362)-Nuri,K (2233) Lenzerheide 2010} ) 21...Rxh1 22.Rxh1 Nxc2 ( {Or} 22...fxe6 23.Rh8+ Bf8 24.Rxf8+ $1 Kxf8 25.Nxe6+ ) 23.Bxc8 $1 {The neatest capture!} ( 23.Rh8+ Bf8 24.Bxc8 Nxd4 {is not clear at all.} ) 23...Nxd4 24.Bxb7 $1 {The point behind the whole line.} 24...Qc7 ( {Now} 24...Nxe2 25.Bc6+ Kf8 26.Rh8# ) 25.Qd3 {That's it! Rapport is up a whole exchange and quickly converts his advantage.} 25...Qc4 26.Qxc4 dxc4 27.Bxa6 Bxg5 28.Rd1 ( {A tad more accurate seems} 28.Rh5 f6 29.f4 Bxf4 30.Bxb5+ ) 28...Nxf3 ( 28...Be3 {might have been more resilient.} ) 29.Bxb5+ Ke7 30.Kc2 Ne5 31.Kc3 Be3 32.Bxc4 g5 33.Bf1 g4 34.b4 g3 35.a4 Ng4 36.a5 Bf2 37.Bh3 Ne3 38.Rd7+ Ke8 39.a6 {And a checkmate for desert after} 39...g2 40.a7 Nd5+ $1 {The last little chance.} 41.Rxd5 {Black resigned.} ( {But not} 41.exd5 $2 Bxa7 {with a drawn opposite-colored bishop endgame.} ) ( 41.Rxd5 g1=Q 42.a8=Q+ Ke7 43.Qd8# ) 1-0

[Event "Vugar Gashimov Memorial 2021"]
[Site "Baku"]
[Date "2021.12.23"]
[Round "15"]
[White "Caruana, Fabiano"]
[Black "Rapport, Richard"]
[Result "1-0"]
[WhiteElo "2770"]
[BlackElo "2750"]
[EventDate "2021.??.??"]
[Annotator "Bojkov,Dejan"]
[PlyCount "95"]
[Beauty "7152060071967"]
[EventType "simul"]
[EventRounds "2"]
[EventCountry "AZE"]

1.d4 e6 2.Nf3 Nf6 3.Bf4 {Apparently the London is an excellent choice for an armageddon game. Little pawn contact, lengthy maneuvering, and lots of strategical content.} 3...c5 4.e3 Be7 5.Nbd2 cxd4 6.exd4 O-O 7.c3 b6 8.Bd3 Ba6 {A good bishop to trade.} 9.Bxa6 Nxa6 10.O-O Nc7 11.a4 a6 12.c4 $146 {A logical novelty.} ( {Up to here both players were following another top game that went} 12.Re1 Ncd5 13.Bg3 b5 14.Ne5 Qc8 15.Qe2 d6 16.Nd3 Qb7 17.axb5 axb5 18.h3 h6 19.Qf1 Rfc8 20.Rxa8 Rxa8 21.Ra1 Nb6 {and both players kept fighting for another 130+ moves before splitting the point in Firouzja,A (2728)-Baklan,V (2587) online 2020} ) 12...d5 {This is the question: Can White keep his queenside majority intact?} ( {A somewhat more solid plan seems} 12...a5 {and White can maneuver his knight to the freshly opened outpost with the immediate} 13.Nb1 ( {Or may postpone this plan with something solid like} 13.b3 ) ) 13.b3 {Now Rapport gets what he wants.} ( {His plan could have been questioned with} 13.a5 $1 {when take it or not, but White will get a good defended passer after} 13...b5 ( {Worse is} 13...dxc4 $2 14.axb6 Ncd5 15.b7 {winning the exchange.} ) 14.c5 {when White looks better.} ) 13...dxc4 14.bxc4 b5 $1 {A typical way to fight the hanging pawns. Rapport equalizes swiftly.} 15.axb5 axb5 16.Rxa8 {Diverting the knight, at least for the moment.} ( 16.c5 Ncd5 {is even more comfortable for Black.} ) 16...Nxa8 17.c5 ( {Black has rich compensation for the pawn after} 17.cxb5 Nd5 18.Bg3 Qa5 ) 17...Nd5 18.Bg3 Nac7 {A very sound strategy in a blitz game. The pieces should stay together, helping each other, close to the center.} ( {Although} 18...Nc3 $5 {also makes sense when Black is good after both} 19.Qa1 ( {And} 19.Qe1 Nc7 ) 19...Ne2+ 20.Kh1 Nxg3+ 21.hxg3 Nc7 ) 19.Qb3 Qa8 20.Rb1 Rc8 {A nice move that protects both the knight and the c6-spot.} ( {Not yet} 20...Qa7 21.Ne5 ) 21.Ne4 ( {If} 21.Ne5 b4 {and Black proceeds as in the game.} ) 21...b4 22.h4 {Caruana needs to win and has to be creative. With his last move he is getting some air for the king and intends to use the g5-spot for his knights.} ( {Instead} 22.Qc4 {leads White nowhere after} 22...Qa6 ( {Or} 22...Qa4 ) ) ( {Whereas the instant} 22.Ne5 {can be met with} 22...Nb5 23.Qd3 ( {Not} 23.Qf3 f5 $1 ) 23...Nbc3 {when Black is doing fine.} ) 22...h6 {Rapport take measures against the annoying knights.} ( {Also good is the simple} 22...Nb5 23.Qd3 Nbc3 ) 23.Ne5 Nb5 24.Qf3 Rf8 ( {With the inclusion of the h4-h6 moves,} 24...Nxd4 {does not look right for Black due to} 25.Qxf7+ Kh7 26.Rd1 $1 ) ( {However, strong is} 24...f5 $1 {when after} 25.Qh5 {best is} ( {Caruana likely intended to continue} 25.Qd3 {But Black is doing great after} 25...Qa4 26.Nd2 Nbc3 ) 25...Rf8 $1 ( {Although Black can certainly accept a draw as in the line} 25...fxe4 26.Qf7+ Kh7 27.Qg6+ Kg8 ) ) 25.Qd3 Nbc3 {Forcing matters.} ( 25...Qa6 {looks more accurate.} ) 26.Nxc3 bxc3 27.Nd7 Rd8 {But this is a very big blunder.} ( {The rook belongs again on the c-file and} 27...Rc8 $1 {would have kept Black safe as} 28.Nb6 {is not as dangerous as in the game due to} 28...Nxb6 29.cxb6 c2 30.b7 cxb1=Q+ 31.Qxb1 Qa6 {and everything evaporates from the board with a draw.} ) 28.Nb6 $1 Qa5 {And this loses fast.} ( {The most resilient defense is} 28...Nxb6 29.cxb6 Qc6 $1 ( {Not} 29...Qb7 30.Qxc3 ) 30.Bc7 Rc8 {when Black is ready to sacrifice the exchange in either} 31.b7 ( {Or} 31.Qf3 Rxc7 32.bxc7 Qxc7 ) 31...Qxc7 32.bxc8=Q+ Qxc8 {True, Black's salvation is less then certain here too...} ) 29.Nxd5 Rxd5 ( {Nothing changes} 29...exd5 30.Rc1 ( 30.c6 ) ) 30.c6 {Now after the forcing} 30...Bd6 31.Bxd6 Rxd6 32.Rb8+ Rd8 33.Rxd8+ Qxd8 34.Qxc3 {White wins a pawn and quickly converts in an exemplary way} 34...Qc7 35.Qc5 f6 36.d5 exd5 37.Qxd5+ Kf8 38.Qe6 {Full domination with the queen.} 38...Qd8 39.g3 Qc7 40.h5 $1 {Fixing a route for the king.} 40...Qd8 41.Kg2 Qc7 42.Kf3 $1 {March towards the g6/h7 squares.} 42...Qd8 43.g4 Qc7 44.Ke4 Qd8 45.Qd7 Qb8 46.c7 Qa8+ 47.Kf4 Qa4+ 48.Qxa4 1-0